[Event "Frydek-Mistek (Women)"]
[Site "Frydek-Mistek"]
[Date "1996.??.??"]
[Round "4"]
[White "Svobodova, Michaela"]
[Black "Kiseleva, Natalia"]
[Result "0-1"]
[WhiteElo "2150"]
[BlackElo "2270"]

1.e4 g6 2.d4 Bg7 3.Nc3 d6 4.Bf4 Nd7 5.Nf3 c6 6.Qd2 Qc7 7.O-O-O e5 8.Be3 Ngf6
9.h3 O-O 10.Bh6 b5 11.Bxg7 Kxg7 12.Bd3 b4 13.dxe5 dxe5 14.Nb1 c5 15.Qe2 Bb7
16.Nfd2 Nb6 17.Rhe1 Rac8 18.Bc4 Rfd8 19.f3 Nh5 20.g4 Nf4 21.Qf1 Rd4 22.h4 h6
23.Ba6 c4 24.Bxb7 Qxb7 25.Qg1 Rcd8 26.Qf2 Qa6 27.Nf1 Qxa2 28.Ne3 Na4  0-1

[Event "Frydek-Mistek op"]
[Site "Frydek-Mistek"]
[Date "1996.??.??"]
[Round "5"]
[White "Berezjuk, Sergej"]
[Black "Ianov, Viktor"]
[Result "1/2-1/2"]
[WhiteElo "2425"]
[BlackElo "2415"]

1.e4 d6 2.d4 g6 3.Nc3 Bg7 4.Bc4 Nc6 5.Nf3 Nf6 6.d5 Nb8 7.O-O O-O 8.Re1 Bg4
9.h3 Bxf3 10.Qxf3 Nbd7 11.Qd1 c6 12.a4 a5 13.Be3 Rc8 14.Bf1 Qc7 15.Qd2 Rfe8
16.Rad1 Nb6 17.Bd4 Nfd7 18.dxc6 bxc6 19.Bxg7 Kxg7 20.f4 Red8 21.Kh1 Rb8 22.b3 Nf6
23.Bd3 Nbd7 24.Qe3 e5 25.Rf1 Qb6 26.Qf3 Qc5 27.Ne2 exf4 28.Nxf4 Qe5 29.Bc4 Rf8
30.Rde1 Rbe8 31.Nd3 Qg5 32.e5 dxe5 33.Qxc6 e4 34.Nf4 Re5 35.Rd1  1/2-1/2

[Event "Frydek-Mistek op"]
[Site "Frydek-Mistek"]
[Date "1996.??.??"]
[Round "8"]
[White "Dovzik, Juri"]
[Black "Lybin, Dmitry"]
[Result "1/2-1/2"]
[WhiteElo "2400"]
[BlackElo "2425"]

1.d4 g6 2.e4 Bg7 3.Nc3 d6 4.Be3 c6 5.Qd2 b5 6.f3 Nd7 7.Bd3 Qa5 8.Nge2 Rb8
9.O-O Ngf6 10.b4 Qc7 11.a4 a6 12.axb5 cxb5 13.Nf4 Bb7 14.g4 Nb6 15.Nce2 Nfd7
16.Ra3 e5 17.Ng2 O-O 18.Bh6 d5 19.Bxg7 Kxg7 20.Ne3 exd4 21.Nxd4 Qe5 22.Be2 Nf6
23.Nef5+ gxf5 24.Nxf5+ Kh8 25.Qh6 Rg8 26.f4 Qb2 27.Rb3 Nxg4 28.Qxb6 Qf6 29.Qxf6+ Nxf6+
30.Rg3 Nxe4 31.Rxg8+ Rxg8+ 32.Ng3 Nxg3 33.hxg3 Rxg3+ 34.Kf2 Rg6 35.Bd3 Rd6
36.Rh1 h6 37.Rh4 Kg7 38.f5 d4 39.Kg3 f6 40.Rh2 Bd5 41.Kf4 Rd8 42.Re2 Kf7
43.Rh2 Rh8 44.Rh4 Ke7 45.Kg3 Kd6 46.Rxd4 Ke5 47.Rh4 Rc8 48.Kf2 Bc4 49.Re4+ Kd5
50.Ke3 Bxd3 51.cxd3 h5 52.Re6 Rc6 53.Re8 h4 54.Rh8 Ke5 55.Rxh4 Kxf5 56.Rh8 Re6+
57.Kd4 Rd6+ 58.Ke3 Ke5 59.Re8+ Kd5 60.Rf8 Re6+ 61.Kd2 Kd4 62.Rf7 Ke5 63.Ke3 Kf5+
64.Kd4 Rd6+ 65.Ke3 Kg6 66.Ra7 f5 67.Kf4 Rd4+ 68.Ke5 Rxb4 69.Rxa6+ Kg5 70.Ra8 f4
71.Rg8+ Kh4 72.d4 f3 73.Kf4  1/2-1/2

[Event "Frydek-Mistek op"]
[Site "Frydek-Mistek"]
[Date "1996.??.??"]
[Round "8"]
[White "Chernyshov, Konstantin"]
[Black "Szymczak, Zbigniew"]
[Result "1-0"]
[WhiteElo "2470"]
[BlackElo "2330"]

1.e4 g6 2.d4 Bg7 3.Nc3 d6 4.Bg5 c6 5.Qd2 b5 6.Nf3 Nf6 7.Bd3 O-O 8.Bh6 Bg4
9.Bxg7 Kxg7 10.Qf4 Bxf3 11.Qxf3 e5 12.dxe5 dxe5 13.O-O Nbd7 14.Rfd1 Qe7 15.a3 Nc5
16.Rd2 a5 17.Rad1 Rfd8 18.Qe3 Rd4 19.Ne2 Rd7 20.Ng3 Rad8 21.f3 Ne8 22.Be2 Rxd2
23.Rxd2 Rxd2 24.Qxd2 Na4 25.b4 axb4 26.axb4 Nd6 27.Qe3 Qe6 28.Kf2 Nc4 29.Qg5 f6
30.Bxc4 bxc4 31.Qe3 Qe7 32.Qa3 Nb6 33.Ne2 Nc8 34.Qa5 Nd6 35.Qc5 Qd7 36.g4 h6
37.h4 Kh7 38.g5 hxg5 39.hxg5 Kg7 40.Ke3 Kf7 41.Nc3 Ke6 42.gxf6 Kxf6 43.Na4 Ke6
44.Nb6 Qa7 45.Qxc6 Qa3+ 46.Ke2 Qxb4 47.Qd7+  1-0

[Event "Troll Masters"]
[Site "Gausdal"]
[Date "1996.??.??"]
[Round "6"]
[White "Coleman, David"]
[Black "Gausel, Einar"]
[Result "0-1"]
[WhiteElo "2255"]
[BlackElo "2515"]

1.e4 g6 2.d4 Bg7 3.Nc3 d6 4.f4 a6 5.Nf3 b5 6.Be3 Bb7 7.Bd3 Nd7 8.Nb1 c5 9.c3 Ngf6
10.Nbd2 O-O 11.h3 e5 12.O-O cxd4 13.cxd4 Re8 14.Qb1 Nd5 15.Re1 exd4 16.Bf2 Nxf4
17.Bf1 Ne5 18.a4 d3 19.axb5 axb5 20.Rxa8 Qxa8 21.Nxe5 Bxe5 22.Bxd3 Nxd3 23.Qxd3 Bxb2
24.Qxb5 Bg7 25.Bg3 Bxe4 26.Nxe4 Rxe4 27.Rxe4 Qxe4 28.Qb8+ Bf8 29.Bxd6 Qd4+  0-1

[Event "Eikrem mem"]
[Site "Gausdal"]
[Date "1996.??.??"]
[Round "9"]
[White "Stefansson, Hannes"]
[Black "Hillarp Persson, Tiger"]
[Result "0-1"]
[WhiteElo "2560"]
[BlackElo "2400"]

1.e4 g6 2.d4 Bg7 3.Nc3 d6 4.f4 a6 5.Nf3 b5 6.Bd3 Nd7 7.Be3 Bb7 8.O-O c5 9.dxc5 Nxc5
10.Bxc5 dxc5 11.e5 Qb6 12.Be4 Bxe4 13.Nxe4 Nh6 14.c4 O-O 15.Rc1 Rad8 16.Qe2 f6
17.Nc3 fxe5 18.Nxe5 Nf5 19.cxb5 c4+ 20.Qf2 Ne3 21.Na4 Qd4 22.Nc6 Nxf1 23.Nxd8 Rxf4
24.Qxd4 Bxd4+ 25.Kh1 Rf5 26.Nc6 Ng3+  0-1

[Event "Troll Masters"]
[Site "Gausdal"]
[Date "1996.??.??"]
[Round "9"]
[White "Coleman, David"]
[Black "Ivanov, Mikhail M"]
[Result "0-1"]
[WhiteElo "2255"]
[BlackElo "2375"]

1.e4 g6 2.d4 Bg7 3.Nc3 d6 4.f4 a6 5.Nf3 b5 6.Bd3 Bb7 7.a4 b4 8.Na2 a5 9.c3 bxc3
10.bxc3 Ba6 11.Rb1 Nf6 12.e5 Nd5 13.O-O O-O 14.Rf2 Bxd3 15.Qxd3 Nb6 16.e6 f5
17.Ng5 Qc8 18.d5 Qa6 19.Qh3 h5 20.Nf7 Nxd5 21.Qg3 Rxf7 22.exf7+ Kxf7 23.Qf3 Qc4
24.Re2 Nd7 25.Rb5 c6 26.Rb7 Nc5 27.Rb1 Nxa4 28.Rc2 Nc5 29.Ba3 Ne4 30.g3 Qa4  0-1

[Event "Oberliga Sued W9697"]
[Site "GER"]
[Date "1996.??.??"]
[Round "?"]
[White "Krieger, Hermann"]
[Black "Fritsche, Lutz"]
[Result "0-1"]
[WhiteElo "2190"]
[BlackElo "2335"]

1.e4 g6 2.d4 Bg7 3.Nc3 d6 4.Be3 c6 5.Qd2 Nd7 6.f3 Qa5 7.Bd3 b5 8.a3 Rb8 9.Nge2 c5
10.b4 cxb4 11.Nd5 Ngf6 12.Nxb4 Bb7 13.O-O O-O 14.Rfb1 Nb6 15.Na2 Qxd2 16.Bxd2 a6
17.Nac3 Bc6 18.Rb4 d5 19.Rab1 Nfd7 20.exd5 Nxd5 21.Nxd5 Bxd5 22.a4 bxa4 23.Bxa6 a3
24.Ra1 Nc5 25.Rxa3 Nxa6 26.Rba4 Rfc8 27.Rc3 Rxc3 28.Nxc3 Rb4  0-1

[Event "BL2-N9596"]
[Site "Germany"]
[Date "1996.??.??"]
[Round "?"]
[White "Hector, Jonny"]
[Black "Polzin, Rainer"]
[Result "1-0"]
[WhiteElo "2520"]
[BlackElo "2400"]

1.e4 g6 2.d4 Bg7 3.Nc3 d6 4.f4 a6 5.Nf3 Nd7 6.Be3 b5 7.Bd3 Bb7 8.a4 b4 9.Ne2 Ngf6
10.Ng3 O-O 11.f5 c5 12.c3 bxc3 13.bxc3 cxd4 14.cxd4 Qb6 15.a5 Qa7 16.Qe2 Rac8
17.Rb1 Rc3 18.Bd2 Rc7 19.Rb4 Rd8 20.fxg6 hxg6 21.h4 e5 22.h5 exd4 23.hxg6 Ne5
24.Nxe5 dxe5 25.gxf7+ Kxf7 26.Rb6 Bc8 27.Bc4+ Ke8 28.Nh5 Ng4 29.Nxg7+  1-0

[Event "Landesliga S9596 Bayern"]
[Site "Germany"]
[Date "1996.??.??"]
[Round "?"]
[White "Lochte, Thomas"]
[Black "Unger, Michael"]
[Result "1/2-1/2"]
[WhiteElo "2225"]
[BlackElo "2205"]

1.e4 g6 2.d4 Bg7 3.Nc3 d6 4.Be2 Nd7 5.f4 e5 6.Nf3 Ne7 7.fxe5 dxe5 8.d5 O-O
9.O-O Nb6 10.a4 Bg4 11.a5 Nbc8 12.Be3 Nd6 13.Qd2 Bxf3 14.Rxf3 f5 15.Bc5 Kh8
16.Raf1 b6 17.axb6 axb6 18.Bxd6 Qxd6 19.Bd3 Qd7 20.exf5 Nxf5 21.Bxf5 gxf5
22.Qg5 e4 23.Rh3 Bd4+ 24.Kh1 Rg8 25.Qh6 Rg7 26.Ne2 Be5 27.c4 Rag8 28.g3 Rg6
29.Qd2 f4 30.Rh5 fxg3 31.hxg3 Bd6 32.Qd4+ R6g7 33.Qxe4 Bxg3 34.Nxg3 Rxg3
35.Qe5+ Qg7 36.Rf7 Rg1+ 37.Kh2 Rg2+ 38.Kh1 Rg1+ 39.Kh2 Rg2+ 40.Kh1 Rg1+ 41.Kh2  1/2-1/2

[Event "BL2-N9596"]
[Site "Germany"]
[Date "1996.??.??"]
[Round "?"]
[White "Darnstaedt, Frank"]
[Black "Syre, Christian"]
[Result "1-0"]
[WhiteElo "2295"]
[BlackElo "2270"]

1.e4 g6 2.d4 Bg7 3.Nc3 d6 4.h3 Nf6 5.Nf3 O-O 6.Be2 c6 7.a4 Nbd7 8.O-O d5
9.exd5 cxd5 10.Bf4 b6 11.Bd3 Bb7 12.Qe2 a6 13.Rfe1 e6 14.Ra3 Re8 15.Qd2 Bf8
16.Rb3 Nh5 17.Bh6 Bd6 18.Ne5 Nf8 19.Be2 f6 20.Bxh5 gxh5 21.Nd3 Ng6 22.Nf4 Bxf4
23.Bxf4 Rc8 24.Ne2 Rc4 25.Rf3 Kh8 26.b3 Rc6 27.Ng3 Nh4 28.Rfe3 Qc8 29.Qd1 Rxc2
30.Qxh5 Ng6 31.Qh6 e5 32.dxe5  1-0

[Event "Oberliga Nord O9596"]
[Site "Germany"]
[Date "1996.??.??"]
[Round "?"]
[White "Krug, Peter"]
[Black "Volkmer, Andreas"]
[Result "1/2-1/2"]
[WhiteElo "2240"]
[BlackElo "2240"]

1.e4 g6 2.d4 Bg7 3.Nc3 d6 4.Nf3 Bg4 5.Be2 Nf6 6.h3 Bxf3 7.Bxf3 Nc6 8.d5 Ne5
9.Be2 c6 10.O-O O-O 11.Be3 Qc7 12.Rc1 Rfc8 13.f4 Ned7 14.dxc6 bxc6 15.Bf3 Rab8
16.b3 Qa5 17.Ne2 Qb4 18.c3 Qa5 19.Rc2 Qc7 20.g4 a5 21.g5 Ne8 22.Rd2 Rd8 23.Bg4 h5
24.Bxd7 Qxd7 25.f5 e5 26.Ng3 d5 27.Kh2 a4 28.bxa4 h4 29.Ne2 Nd6 30.fxg6 fxg6
31.exd5 Nc4 32.dxc6 Qc7 33.Rxd8+ Rxd8 34.Qb3 Qxc6 35.Bc1 Kh7 36.Rf7 Nd6 37.Qe6 Qe4
38.Rxg7+ Kh8 39.Nd4 Rf8 40.Rg8+ Rxg8 41.Qf6+ Kh7 42.Ba3 exd4 43.Bxd6 Qc2+
44.Kg1 Qb1+ 45.Kg2 Qxa2+ 46.Kg1 Qb1+ 47.Kg2 Qb7+ 48.Kh2 Re8 49.Qf2 d3 50.Qxh4+ Kg8
51.Qc4+ Qf7 52.Qd4 Re2+ 53.Kg3 Qf5 54.Bf4 Qe4 55.Qd8+ Kg7 56.Qd7+ Kg8 57.Qd8+ Kg7  1/2-1/2

[Event "BL2-O9596"]
[Site "Germany"]
[Date "1996.??.??"]
[Round "?"]
[White "Reipsch, Jens"]
[Black "Komljenovic, Luka"]
[Result "1-0"]
[WhiteElo "2240"]
[BlackElo "2220"]

1.e4 g6 2.d4 Bg7 3.Nc3 d6 4.h4 Nf6 5.Bg5 O-O 6.Qd2 c6 7.O-O-O b5 8.f3 b4
9.Nce2 Qa5 10.Kb1 Nbd7 11.Nc1 c5 12.h5 e6 13.hxg6 fxg6 14.Nb3 Qc7 15.dxc5 Nxc5
16.Ne2 Ncxe4 17.fxe4 Nxe4 18.Qc1 a5 19.Be3 a4 20.Nbd4 a3 21.b3 Bd7 22.Bh6 Bh8
23.Qe3 d5 24.g3 Rf2 25.Bh3 Rc8 26.c4 bxc3 27.Rdf1 c2+ 28.Kc1 Rxf1+ 29.Rxf1 Qe5
30.Bf4 Qg7 31.Bh6 Qe7 32.Nf4 Nc3 33.Kxc2 Nxa2+ 34.Kd1 Nc3+ 35.Ke1 Ne4  1-0

[Event "BL2-O9596"]
[Site "Germany"]
[Date "1996.??.??"]
[Round "?"]
[White "Zimmermann, Frank"]
[Black "Csulits, Anton"]
[Result "1-0"]
[WhiteElo "2280"]
[BlackElo "2320"]

1.e4 g6 2.d4 Bg7 3.Nc3 d6 4.Be3 a6 5.Qd2 b5 6.f3 Nc6 7.Nge2 e5 8.a4 b4 9.Nd5 Rb8
10.a5 Nxa5 11.Rxa5 c6 12.Ra4 cxd5 13.Rxb4 Rxb4 14.Qxb4 Ne7 15.dxe5 Bxe5 16.Nf4 O-O
17.Bd3 dxe4 18.fxe4 d5 19.O-O a5 20.Qb3 dxe4 21.Bxe4 Nf5 22.Bxf5 Bxf5 23.c3 Qb8
24.Qd5 Re8 25.Bc1 a4 26.h3 Bg7 27.Qc6 Qa7+ 28.Kh1 Bd7 29.Qc4 Qb7 30.Qd3 Bc6
31.Qc2 Qb5 32.Qf2 f5 33.Re1 Be4 34.Be3 Rb8 35.Re2 Qc4 36.Bd4 Bf8 37.Rd2 a3
38.bxa3 Rb1+ 39.Kh2 g5 40.Qg3 h6 41.Nh5 Qf1 42.Qe5 Qh1+ 43.Kg3 Qe1+ 44.Rf2 f4+
45.Nxf4 gxf4+ 46.Qxf4 Rb7 47.Qxf8+ Kh7 48.Kh2  1-0

[Event "BL2-S9596"]
[Site "Germany"]
[Date "1996.??.??"]
[Round "?"]
[White "Duschek, Volker"]
[Black "Ostl, Andreas"]
[Result "1-0"]
[WhiteElo "2145"]
[BlackElo "2295"]

1.e4 d6 2.d4 g6 3.Nc3 Bg7 4.f4 c6 5.Nf3 Bg4 6.Be3 Qb6 7.Qd2 Bxf3 8.gxf3 e6
9.O-O-O Ne7 10.d5 Qb4 11.dxe6 d5 12.a3 Bxc3 13.Qxc3 Qxc3 14.exf7+ Kxf7 15.bxc3 Nd7
16.c4 Nf6 17.cxd5 cxd5 18.exd5 Nf5 19.Bf2 Nh5 20.d6 Nxf4 21.Bc4+ Kf6 22.d7 Rhd8
23.Rhe1 b6 24.Re4 g5 25.Be1 h6 26.Bc3+ Kg6 27.Rxf4 gxf4 28.Rg1+ Kh5 29.Bf7+ Kh4
30.Rg4+ Kh3 31.Be6 Ne3 32.Rxf4+ Kxh2 33.Kd2 Ng2 34.Rg4 Rf8 35.Be5+ Kh1 36.Ke2 h5
37.Rd4  1-0

[Event "BL2-S9596"]
[Site "Germany"]
[Date "1996.??.??"]
[Round "?"]
[White "Grund, Holger"]
[Black "Feustel, Bernd"]
[Result "1-0"]
[WhiteElo "2375"]
[BlackElo "2350"]

1.e4 g6 2.d4 Bg7 3.Nc3 d6 4.Be3 Nd7 5.Nf3 e6 6.Qd2 h6 7.Be2 Ne7 8.a4 a6 9.a5 f5
10.h3 Nf6 11.exf5 exf5 12.Bc4 Ne4 13.Qe2 d5 14.Bb3 Qd6 15.g3 g5 16.h4 f4
17.Ne5 Bxe5 18.dxe5 Qg6 19.Nxd5 Nxd5 20.Bxd5 fxe3 21.Qxe3 Nxg3 22.fxg3 gxh4
23.Rxh4 Bg4 24.Bxb7 Rd8 25.Be4 Bf5 26.Rd1 O-O 27.Rxd8 Rxd8 28.Bxf5 Qxf5 29.Qe4 Qxe4+
30.Rxe4 Rd5 31.b4 Rb5 32.Rc4 Rxe5+ 33.Kf2 Rf5+ 34.Kg2 Rf7 35.Rc6 Rd7 36.c3 Rd2+
37.Kh3 Rc2 38.Rxc7 Kf8 39.Rc6  1-0

[Event "BL2-S9596"]
[Site "Germany"]
[Date "1996.??.??"]
[Round "?"]
[White "Reinhardt, Bernd"]
[Black "Gerigk, Erasmus"]
[Result "1-0"]
[WhiteElo "2260"]
[BlackElo "2280"]

1.e4 g6 2.d4 Bg7 3.Nc3 d6 4.Be3 c6 5.Qd2 Nd7 6.h4 h5 7.Nh3 b5 8.Ng5 Ngf6
9.f3 a6 10.O-O-O Qc7 11.Kb1 Bb7 12.Ne2 c5 13.d5 Nb6 14.Nf4 Bc8 15.Be2 Rb8
16.Qe1 Na4 17.Bc1 c4 18.Ka1 b4 19.Rd4 Nb6 20.Rd1 Qc5 21.Bf1 Nh7 22.Be3 Qa5
23.Bxb6 Rxb6 24.Bxc4 Nxg5 25.hxg5 Qc5 26.Bb3 a5 27.Qg1 Qc7 28.Ba4+ Bd7 29.Bc6 a4
30.Kb1 Bxc6 31.dxc6 Rxc6 32.Nd5 Qb7 33.Qe3 O-O 34.g4 Rfc8 35.Rc1 b3 36.cxb3 axb3
37.axb3 Ra8 38.Rxc6 e6 39.Qb6  1-0

[Event "BL2-W9596"]
[Site "Germany"]
[Date "1996.??.??"]
[Round "?"]
[White "Coenen, Norbert"]
[Black "Buchal, Stephan"]
[Result "1-0"]
[WhiteElo "2310"]
[BlackElo "2295"]

1.e4 g6 2.d4 Bg7 3.Nc3 d6 4.h3 a6 5.a4 Nf6 6.Nf3 O-O 7.Be3 b6 8.Bc4 e6 9.O-O Nc6
10.Re1 d5 11.Bd3 dxe4 12.Nxe4 Nxe4 13.Bxe4 Bb7 14.Ne5 Na5 15.Bxb7 Nxb7 16.Nc6 Qd7
17.Qf3 Na5 18.Nxa5 bxa5 19.Red1 Rab8 20.b3 Rb6 21.Rd3 Rc6 22.Qe2 Qd5 23.Rad1 Rd8
24.Qd2 Bf8 25.Bg5 Rd7 26.Bf6 Bg7 27.Bxg7 Kxg7 28.c4 Qf5 29.Rf3 Qe4 30.Rf4  1-0

[Event "BL2-W9596"]
[Site "Germany"]
[Date "1996.??.??"]
[Round "?"]
[White "Gawehns, Klaus"]
[Black "Buchal, Stephan"]
[Result "1/2-1/2"]
[WhiteElo "2390"]
[BlackElo "2295"]

1.d4 g6 2.e4 Bg7 3.Nc3 d6 4.Be3 a6 5.a4 Nf6 6.h3 O-O 7.a5 b5 8.axb6 cxb6
9.Nf3 Bb7 10.Nd2 Nbd7 11.Be2 b5 12.Bf3 e5 13.d5 Nb6 14.O-O Nfd7 15.Be2 f5
16.f3 Nc5 17.b4 Ncd7 18.Nb3 Qc7 19.Nb1 fxe4 20.fxe4 Nc4 21.Bxc4 Qxc4 22.Rxf8+ Rxf8
23.Qd3 Qc7 24.Na5 Bc8 25.Nd2 Nf6 26.c4 Nh5 27.Nc6 Nf4 28.Bxf4 exf4 29.Rf1 Bd7
30.cxb5  1/2-1/2

[Event "BL2-W9596"]
[Site "Germany"]
[Date "1996.??.??"]
[Round "?"]
[White "Holzke, Frank"]
[Black "Buchal, Stephan"]
[Result "1/2-1/2"]
[WhiteElo "2375"]
[BlackElo "2295"]

1.e4 g6 2.d4 Bg7 3.Nc3 d6 4.f4 Nf6 5.Nf3 c5 6.Bb5+ Bd7 7.e5 Ng4 8.Bxd7+ Qxd7
9.d5 dxe5 10.h3 e4 11.Nxe4 Nf6 12.Nxf6+ Bxf6 13.O-O O-O 14.Be3 Na6 15.Ne5 Qf5
16.c4 Bxe5 17.fxe5 Qxe5 18.Bh6 Rfe8 19.Kh1 Rad8 20.Qf3 f6 21.Rae1 Qh5 22.Qxh5 gxh5
23.a3 Nb8 24.b4 Nd7 25.Be3 Ne5 26.Rc1 cxb4 27.axb4 b5 28.cxb5  1/2-1/2

[Event "BL2-W9596"]
[Site "Germany"]
[Date "1996.??.??"]
[Round "?"]
[White "Michalczak, Thomas"]
[Black "Seul, Georg"]
[Result "0-1"]
[WhiteElo "2270"]
[BlackElo "2410"]

1.e4 g6 2.d4 Bg7 3.Nc3 d6 4.Be3 c6 5.Qd2 b5 6.f3 Nd7 7.Nge2 Bb7 8.g4 h5 9.g5 e6
10.Bg2 Ne7 11.O-O O-O 12.f4 Nb6 13.b3 b4 14.Nd1 c5 15.Nf2 Qc7 16.Rac1 Rfd8
17.c3 bxc3 18.Rxc3 Rac8 19.Ng3 Qb8 20.f5 exf5 21.d5 Re8 22.Bf4 h4 23.Ne2 Nexd5
24.Rh3 Ba6 25.Re1 Bxe2 26.Rxe2 Nxf4 27.Qxf4 d5 28.Qxh4 dxe4 29.Bxe4 fxe4
30.Nxe4 Rxe4 31.Qxe4 Qd6 32.Rf3 Qd4+ 33.Kg2 Nd5 34.Qxd4 cxd4 35.Rd2 Ne3+
36.Kf2 Be5 37.h3 Rc1 38.Ke2 Kf8 39.Kd3 Ke7 40.Ke4 Kd6 41.Rb2 Nf5 42.Kd3 Rc3+
43.Ke2 Ng3+ 44.Kf2 Ne4+ 45.Ke2 Rxf3 46.Kxf3 d3 47.Rg2 d2 48.Ke2 Bf4  0-1

[Event "BL9596 (Women)"]
[Site "Germany"]
[Date "1996.??.??"]
[Round "?"]
[White "Kierzek, Mira"]
[Black "Braun, Regine"]
[Result "1-0"]
[WhiteElo "2150"]
[BlackElo "2005"]

1.e4 g6 2.d4 Bg7 3.Nc3 d6 4.Be3 Nf6 5.h3 Nc6 6.Qd2 e5 7.Nf3 O-O 8.O-O-O Qe7
9.d5 Nd8 10.g4 a6 11.Nh2 b5 12.f3 Ne8 13.h4 f6 14.Bg2 Bb7 15.f4 Nf7 16.f5 g5
17.Nf3 h6 18.Rh3 b4 19.Ne2 c5 20.dxc6 Bxc6 21.Qxb4 a5 22.Qc4 Bb7 23.Nc3 Nc7
24.Nd2 Rfc8 25.Qe2 Na6 26.Nc4 Rc7 27.Nb5 Rxc4 28.Qxc4 Rc8 29.Qb3 Nb4 30.c3 Ba6
31.Bf1 Kh7 32.a4 Bb7 33.Bg2 Na6 34.Kb1 Nc5 35.Bxc5 Rxc5 36.Rhd3 Bf8 37.Qa3 Rc4
38.Re1 gxh4 39.Qb3 Rc5 40.Red1 Ng5 41.Nxd6 Rc7 42.Nxb7 Rxb7 43.Qd5 Rxb2+
44.Kxb2 Qa3+ 45.Kc2  1-0

[Event "BL2-N9697"]
[Site "Germany"]
[Date "1996.??.??"]
[Round "?.5"]
[White "Stanke, Juergen"]
[Black "Thiede, Lars"]
[Result "1/2-1/2"]
[WhiteElo "2295"]
[BlackElo "2310"]

1.e4 g6 2.d4 Bg7 3.Nc3 d6 4.g3 Nd7 5.Bg2 e5 6.Nge2 Ne7 7.O-O O-O 8.Be3 Nc6
9.h3 exd4 10.Nxd4 Nde5 11.Nde2 Re8 12.b3 f5 13.exf5 Bxf5 14.g4 Bd7 15.Qd2 Qc8
16.Bh6 Bxh6 17.Qxh6 Nf7 18.Qd2 Qd8 19.Nd5 Be6 20.Nef4 Nce5 21.Nxe6 Rxe6 22.Rae1 c6
23.f4 cxd5 24.fxe5 dxe5 25.Bxd5 Re7 26.c4 Kg7 27.Qf2 Qd6 28.Qe3 Rf8 29.Rf2 Nd8
30.Rxf8 Kxf8 31.Rf1+ Ke8 32.Kg2 b6 33.Qh6 Kd7 34.Qe3 Kc7 35.Rf8 Qc5 36.Qxc5+ bxc5
37.Kf2 Nc6 38.Ke3 Nb4 39.Ra8 Kb6 40.Rb8+ Kc7 41.Ra8 Kd6 42.Rd8+ Kc7 43.Rh8 Nxa2
44.Bg8 Nc1 45.Rxh7 Kd8 46.Bf7 Nxb3 47.Bxg6 Rxh7 48.Bxh7 Ke7 49.g5 a5 50.h4 a4
51.Bc2 Na5 52.Bxa4 Nxc4+ 53.Ke4 Nd2+ 54.Ke3 Nc4+ 55.Ke2 Nd6 56.Bc2 e4 57.h5 Nf5
58.h6 Nxh6 59.gxh6 Kf7  1/2-1/2

[Event "BL2-O9697"]
[Site "Germany"]
[Date "1996.??.??"]
[Round "?.5"]
[White "Pfretzschner, Roland"]
[Black "Dutschak, Hauke"]
[Result "1-0"]
[WhiteElo "2275"]
[BlackElo "2280"]

1.e4 d6 2.d4 g6 3.Nc3 Bg7 4.Be3 Nd7 5.Be2 Ngf6 6.f4 O-O 7.e5 Ne8 8.Nf3 Nb6
9.O-O c6 10.Qe1 f5 11.Rd1 Nc7 12.h4 h5 13.Qg3 Qe8 14.exd6 exd6 15.Bf2 Qf7
16.Ng5 Qf6 17.d5 c5 18.a4 a5 19.Nb5 Nbxd5 20.Rxd5 Nxd5 21.Bc4 Kh8 22.Bxd5 Bd7
23.Be1 Qxb2 24.Nc7 Bd4+ 25.Kh2 Rac8 26.Nge6 Rf6 27.c3 Qe2 28.cxd4 Qxf1 29.Qg5 Rf7
30.Qh6+ Rh7 31.Qxg6 Rg8 32.Qf6+ Rhg7 33.Nxg7  1-0

[Event "Oberliga Ost C9596"]
[Site "Germany"]
[Date "1996.??.??"]
[Round "?"]
[White "Zunker, Reinhard"]
[Black "Kirschbaum, Gunnar"]
[Result "1/2-1/2"]
[WhiteElo "2195"]
[BlackElo "2190"]

1.e4 g6 2.d4 Bg7 3.Nc3 d6 4.Be3 Nc6 5.Qd2 e5 6.d5 Nce7 7.f3 f5 8.O-O-O f4
9.Bf2 g5 10.g4 Ng6 11.Bb5+ Kf7 12.Nge2 h5 13.h3 a6 14.Bd3 Nf6 15.Rdg1 Bd7
16.Nd1 b5 17.b3 hxg4 18.hxg4 Rxh1 19.Rxh1 c5 20.dxc6 Bxc6 21.c4 bxc4 22.Bxc4+ d5
23.exd5 Bxd5 24.Nb2 Bxc4 25.Nxc4 Qxd2+ 26.Kxd2 Rd8+ 27.Kc2 e4 28.Bb6 Rd7
29.fxe4 Nxe4 30.Rf1 Ne5 31.Nxf4 Ng3 32.Nd3+ Nxf1 33.Ndxe5+ Bxe5 34.Nxe5+ Ke6
35.Nxd7 Kxd7 36.Bg1 Ke6 37.Kd3 Ke5 38.Be3 Nh2 39.Bxg5 Nxg4 40.Kc4 Kd6 41.Bf4+  1/2-1/2

[Event "Oberliga Ost C9596"]
[Site "Germany"]
[Date "1996.??.??"]
[Round "?"]
[White "Koglin, Anke"]
[Black "Timpel, Klaus"]
[Result "0-1"]
[WhiteElo "2210"]
[BlackElo "2305"]

1.e4 g6 2.d4 Bg7 3.Nc3 d6 4.Bg5 a6 5.Qd2 Nd7 6.Nf3 h6 7.Be3 e6 8.a4 b6 9.Be2 Bb7
10.h3 Ne7 11.O-O Nf6 12.e5 dxe5 13.Nxe5 Nf5 14.Bf3 Bxf3 15.Nxf3 Nxe3 16.Qxe3 Nd5
17.Nxd5 Qxd5 18.c4 Qxc4 19.Rfc1 Qd5 20.Rxc7 O-O 21.Rac1 Rad8 22.b3 g5 23.R1c6 Rd6
24.Qc3 b5 25.Rxd6 Qxd6 26.Rc6 Qd5 27.Rxa6 bxa4 28.Rxa4 Rb8 29.Rb4 Ra8 30.Rc4 Bf8
31.Ne5 Ra3 32.Ng4 Bg7 33.Rc8+ Kh7 34.Qd3+ f5 35.Rc4 Ra1+ 36.Kh2 Qd6+ 37.g3 Qd5
38.f3 h5 39.Nf2 Ra2 40.Kg2 g4 41.hxg4 hxg4 42.Qc3 Kg6 43.Kf1 gxf3 44.Nd3 Qe4
45.Nf4+ Kh7 46.Qe1 Bxd4 47.Qc1 Rf2+  0-1

[Event "Hessenliga 9596"]
[Site "Germany"]
[Date "1996.??.??"]
[Round "?"]
[White "Weng, Annegret"]
[Black "Meiser, Markus"]
[Result "1/2-1/2"]
[WhiteElo "2085"]
[BlackElo "2270"]

1.e4 g6 2.d4 Bg7 3.Nc3 d6 4.Bg5 h6 5.Be3 Nf6 6.f3 c6 7.Qd2 b5 8.g4 a6 9.h4 Nbd7
10.Nge2 c5 11.Ng3 b4 12.Nd1 Qa5 13.Bh3 cxd4 14.Bxd4 Ne5 15.O-O O-O 16.Kg2 Ne8
17.Ne3 Be6 18.Rf2 Rc8 19.f4 Nc4 20.Nxc4 Rxc4 21.Bxg7 Kxg7 22.f5 gxf5 23.g5 Rh8
24.Bxf5 Qe5 25.Bxe6 Qxe6 26.Raf1 Rf8 27.Qd3 Kh8 28.g6 Nf6 29.Rxf6 exf6 30.Qd2 fxg6
31.Qxh6+ Kg8 32.Qxg6+ Kh8 33.Rf5 Rc5 34.Qh5+ Kg8  1/2-1/2

[Event "Landesliga Sued 9697 Bayern"]
[Site "Germany"]
[Date "1996.??.??"]
[Round "?"]
[White "Schneider, Roland"]
[Black "Werner, Konrad"]
[Result "1-0"]
[WhiteElo "2020"]
[BlackElo "1980"]

1.e4 g6 2.d4 d6 3.Nc3 Bg7 4.Be3 c6 5.Nf3 Nd7 6.Be2 Ngf6 7.O-O O-O 8.h3 Qc7
9.a4 e5 10.Nd2 Rd8 11.f4 Nf8 12.f5 gxf5 13.exf5 d5 14.Nf3 Bxf5 15.Nxe5 Bg6
16.Bg5 Qd6 17.Bg4 Re8 18.Bf5 Ne4 19.Bxg6 fxg6 20.Nf7 Qd7 21.Nh6+ Bxh6 22.Bxh6 Ne6
23.Qg4 Nd6 24.Rf6 Nf7 25.Rxg6+ hxg6 26.Qxg6+ Kh8 27.Re1 Nxh6 28.Qxh6+ Kg8
29.Re3 Ng7 30.Rg3 Re7 31.h4 Rae8 32.h5 Qf5 33.Ne2 Rf7 34.Nf4 Qh7 35.Qg5 Rxf4
36.Qxf4 Qxh5 37.Rh3 Qd1+ 38.Kh2 Qxc2 39.Qh6 Re6 40.Qh8+ Kf7 41.Rg3 Rg6 42.Rf3+ Rf6
43.Rg3 Nf5 44.Qg8+ Ke7 45.Rh3 Nd6 46.Rh8 Qe4 47.Qd8+ Ke6 48.Qg8+ Rf7 49.Rh6+ Ke7
50.Rh8 Qf4+ 51.g3 Qf2+ 52.Kh3 Qf1+ 53.Kg4 Qf5+ 54.Kh4 Qf6+ 55.Kh3 Ke6 56.g4 Qf3+
57.Kh4 Qh1+ 58.Kg5 Qc1+ 59.Kh5 Qf4 60.b4 Qxd4 61.Rh6+ Ke7 62.Rh8 Qe5+ 63.Kh4 Qh2+
64.Kg5 Qd2+ 65.Kh5 Qh2+ 66.Kg5 Qf4+ 67.Kh5 Ne4 68.Qd8+ Ke6 69.Re8+  1-0

[Event "Oberliga Nord N9596"]
[Site "Germany"]
[Date "1996.??.??"]
[Round "?"]
[White "Dreyer, Michael"]
[Black "Engelbert, Christoph"]
[Result "0-1"]
[WhiteElo "2225"]
[BlackElo "2270"]

1.e4 g6 2.d4 Bg7 3.Nc3 d6 4.g3 Nf6 5.Bg2 O-O 6.Nge2 e5 7.O-O Nc6 8.h3 exd4
9.Nxd4 Nxd4 10.Qxd4 Bd7 11.Qd3 Bc6 12.Bg5 h6 13.Be3 Re8 14.Rae1 Qd7 15.Nd5 Bxd5
16.exd5 a6 17.c4 b6 18.f4 Re7 19.f5 g5 20.Bf3 Rae8 21.Bd2 Rxe1 22.Rxe1 Rxe1+
23.Bxe1 Qe7 24.Bf2 a5 25.a3 Nd7 26.b4 Ne5 27.Qe4 Nxf3+ 28.Qxf3 a4 29.Qd1 Qe4
30.Qxa4 Bd4 31.Bxd4 Qxd4+ 32.Kg2 Qxc4 33.Qa8+ Kg7 34.g4 b5 35.Qb7 Kf6 36.Kf2 Ke5
37.Qc8 Kf4 38.Qe8 Qxd5 39.Kf1 Qd1+ 40.Kf2 Qf3+  0-1

[Event "Landesliga S9596 Bayern"]
[Site "Germany"]
[Date "1996.??.??"]
[Round "?"]
[White "Wehr, Stephan"]
[Black "Engelbrecht, Alfred"]
[Result "0-1"]
[WhiteElo "2165"]
[BlackElo "2200"]

1.e4 g6 2.d4 Bg7 3.Nc3 d6 4.Be3 Nf6 5.f3 c6 6.Qd2 b5 7.h4 h5 8.Nh3 Nbd7 9.Ng5 Nb6
10.e5 Nfd5 11.Nxd5 Nxd5 12.e6 Bxe6 13.Nxe6 fxe6 14.Bd3 Qb6 15.Bxg6+ Kd7 16.O-O-O e5
17.Kb1 Raf8 18.Rhg1 b4 19.Ka1 Nxe3 20.Qxe3 exd4 21.Qd3 a5 22.Rge1 Qb5 23.Qxb5 cxb5
24.Bd3 Rb8 25.Bf5+ Kd8 26.Rh1 Bf6 27.g4 hxg4 28.fxg4 Bxh4 29.Rxd4 Kc7 30.Rd3 Bf6
31.Rdh3 Rhg8 32.Kb1 Kb6 33.Be6 Rg5 34.Rh5 Rxh5 35.Rxh5 Rh8 36.Rxh8 Bxh8 37.Kc1 a4
38.b3 a3 39.Kd2 Kc5 40.Kd3 d5 41.g5 Kd6 42.Bf7 e5 43.Be8 Kc5 44.Bd7 Bg7 45.Be8 Bf8
46.Bd7 Be7 47.g6 Bf8 48.Be8 Bh6 49.c3 bxc3 50.Kxc3 b4+ 51.Kd3 e4+ 52.Ke2 d4
53.Bf7 d3+ 54.Ke1 Kd4 55.g7 Bxg7 56.Bh5 Kc3 57.Bg6 e3  0-1